A model of competing narratives (Record no. 517627)

000 -LEADER
fixed length control field 01371nam a22001577a 4500
008 - FIXED-LENGTH DATA ELEMENTS--GENERAL INFORMATION
fixed length control field 210722b ||||| |||| 00| 0 eng d
100 ## - MAIN ENTRY--PERSONAL NAME
Personal name Eliaz, Kfir and Spiegler, Ran
245 ## - TITLE STATEMENT
Title A model of competing narratives
260 ## - PUBLICATION, DISTRIBUTION, ETC. (IMPRINT)
Place of publication, distribution, etc The American Economic Review
300 ## - PHYSICAL DESCRIPTION
Extent 110(12), Dec, 2020: p.3786-3816
520 ## - SUMMARY, ETC.
Summary, etc We formalize the argument that political disagreements can be traced to a "clash of narratives." Drawing on the "Bayesian Networks" literature, we represent a narrative by a causal model that maps actions into consequences, weaving a selection of other random variables into the story. Narratives generate beliefs by interpreting long-run correlations between these variables. An equilibrium is defined as a probability distribution over narrative-policy pairs that maximize a representative agent's anticipatory utility, capturing the idea that people are drawn to hopeful narratives. Our equilibrium analysis sheds light on the structure of prevailing narratives, the variables they involve, the policies they sustain, and their contribution to political polarization. – Reproduced
650 ## - SUBJECT ADDED ENTRY--TOPICAL TERM
Topical term or geographic name as entry element Political Processes: Rent-seeking, Lobbying, Elections, Legislatures, Voting behavior, Information and Knowledge; Communication; Belief; Unawareness
9 (RLIN) 27370
773 ## - HOST ITEM ENTRY
Main entry heading The American Economic Review
906 ## - LOCAL DATA ELEMENT F, LDF (RLIN)
Subject DIP ELECTIONS
942 ## - ADDED ENTRY ELEMENTS (KOHA)
Item type Articles
Holdings
Withdrawn status Lost status Source of classification or shelving scheme Damaged status Not for loan Permanent location Current location Date acquired Serial Enumeration / chronology Barcode Date last seen Koha item type
          Indian Institute of Public Administration Indian Institute of Public Administration 2021-07-22 110(12), Dec, 2020: p.3786-3816 AR124903 2021-07-22 Articles

Powered by Koha